[Event "CZE-chT2e 0405"]
[Site "Czech Republic"]
[Date "2004.11.21"]
[Round "3.4"]
[White "Blaha, Petr"]
[Black "Prachar, Mojmir"]
[Result "1-0"]
[WhiteElo "2160"]
[BlackElo "1892"]
[PlyCount "105"]
[EventDate "2004.10.17"]
[EventType "team"]
[EventRounds "11"]
[EventCountry "CZE"]
[SourceTitle "EXT 2007"]
[Source "ChessBase"]
[SourceDate "2006.11.23"]
[SourceVersion "1"]
[SourceVersionDate "2006.11.23"]
[SourceQuality "1"]

1. d4 f5 2. Nf3 Nf6 3. e3 e6 4. Bd3 b6 5. 0-0 Be7 6. Nbd2 Bb7 7. Qe2 0-0 8. e4 fxe4 9. Nxe4 Bxe4 10. Bxe4 Nxe4 11. Qxe4 Na6 12. c4 c6 13. Bf4 Nc7 14. Rfe1 Ne8 15. Be5 Nd6 16. Qd3 Nf5 17. d5 exd5 18. cxd5 d6 19. Bc3 c5 20. Re6 Bf6 21. Rae1 Bxc3 22. bxc3 g6 23. Nd2 Ng7 24. Re7 Rf7 25. Rxf7 Kxf7 26. f4 Qd7 27. Ne4 Re8 28. Ng5+ Kg8 29. Re4 Rxe4 30. Qxe4 Qe8 31. g4 Qxe4 32. Nxe4 Ne8 33. c4 Kf8 34. Kf2 Ke7 35. Kf3 Nc7 36. a4 a6 37. Nc3 Kf6 38. Ke4 h6 39. h4 Ne8 40. g5+ Kg7 41. f5 hxg5 42. hxg5 Nc7 43. Kf4 Kh7 44. f6 Kg8 45. Ke3 Kf8 46. Kd3 Kg8 47. Ne4 Ne8 48. a5 b5 49. cxb5 axb5 50. a6 Nc7 51. a7 b4 52. Nxd6 b3 53. Nc4 1-0